Statistiche per Stati della Germania - Quiz con mappa

Clicka qui per fare il quiz!

Statistiche generali

  • Questo quiz è stato fatto 639 volte
  • Il punteggio medio è 10 su 16

Statistiche sulle risposte

Answer % Corretto
Berlino
90%
Baviera
87%
Amburgo
77%
Brandeburgo
76%
Brema
76%
Saarland
65%
Schleswig-Holstein
62%
Renania Settentrionale-Vestfalia
62%
Baden-Württemberg
58%
Meclemburgo-Pomerania Anteriore
57%
Renania-Palatinato
56%
Sassonia
54%
Turingia
47%
Bassa Sassonia
43%
Assia
43%
Sassonia-Anhalt
42%

Distribuzione punteggi

Percentile per numero di risposta

Percentuale di utenti per punteggio

I tuoi punteggi nel tempo

Non hai fatto questo quiz